God and man in medieval Spain : (Record no. 187204)
[ view plain ]
| 000 -LEADER | |
|---|---|
| campo de control de longitud fija | 01081nam a2200301 i 4500 |
| 001 - NÚMERO DE CONTROL | |
| campo de control | 187204 |
| 003 - IDENTIFICADOR DE NÚMERO DE CONTROL | |
| campo de control | SpMaBN |
| 005 - FECHA Y HORA DE LA ÚLTIMA TRANSACCIÓN | |
| campo de control | 20250629063154.0 |
| 008 - DATOS DE LONGITUD FIJA--INFORMACIÓN GENERAL | |
| campo de control de longitud fija | 170505s1989 xxkc |||| |deng d |
| 020 ## - NÚMERO INTERNACIONAL ESTÁNDAR DEL LIBRO | |
| Número Internacional Estándar del Libro | 0-85668-443-0 |
| 080 ## - NÚMERO DE LA CLASIFICACIÓN DECIMAL UNIVERSAL | |
| Número de la Clasificación Decimal Universal | 27(460)"04/14"(082.2) |
| 080 ## - NÚMERO DE LA CLASIFICACIÓN DECIMAL UNIVERSAL | |
| Número de la Clasificación Decimal Universal | 929 Highfield, Roger |
| 245 00 - MENCIÓN DEL TÍTULO | |
| Título | God and man in medieval Spain : |
| Resto del título | essays in honour of J.R.L. Highfield / |
| Mención de responsabilidad, etc. | edited by Derek W. Lomax & David Mackenzie. |
| 260 ## - PUBLICACIÓN, DISTRIBUCIÓN, ETC. | |
| Lugar de publicación, distribución, etc. | Warminster : |
| Nombre del editor, distribuidor, etc. | Aris & Phillips, |
| Fecha de publicación, distribución, etc. | 1989. |
| 300 ## - DESCRIPCIÓN FÍSICA | |
| Extensión | XXIV, 168 páginas : |
| Otras características físicas | 1 retrato ; |
| Dimensiones | 21 cm. |
| 490 1# - MENCIÓN DE SERIE | |
| Mención de serie | Hispanic classics |
| 504 ## - NOTA DE BIBLIOGRAFÍA, ETC. | |
| Nota de bibliografía, etc. | Bibliografía: p. XI-XXIV. |
| 599 ## - NOTA A LAS ILUSTRACIONES | |
| NOTA A LAS ILUSTRACIONES | Retrato de Roger Highfield |
| 600 14 - PUNTO DE ACCESO ADICIONAL DE MATERIA--NOMBRE DE PERSONA | |
| Nombre de persona | Highfield, Roger- |
| Subdivisión de forma | Homenajes. |
| 9 (RLIN) | 162552 |
| 651 #4 - PUNTO DE ACCESO ADICIONAL DE MATERIA--NOMBRE GEOGRÁFICO | |
| Nombre geográfico | España- |
| Subdivisión general | Historia eclesiástica. |
| 9 (RLIN) | 8368 |
| 700 1# - ENTRADA AGREGADA--NOMBRE PERSONAL | |
| Nombre de persona | Lomax, Derek W. |
| Término indicativo de función/relación | Editor literario |
| 9 (RLIN) | 73172 |
| 700 1# - ENTRADA AGREGADA--NOMBRE PERSONAL | |
| Nombre de persona | Mackenzie, David |
| Fechas asociadas al nombre | 1943- |
| Término indicativo de función/relación | Editor literario |
| 9 (RLIN) | 162553 |
| 830 1# - PUNTO DE ACCESO ADICIONAL DE SERIE-TÍTULO UNIFORME | |
| Título uniforme | Hispanic classics |
| 9 (RLIN) | 225537 |
| 852 ## - LOCALIZACIÓN | |
| Ubicación | ES-MaACL |
| Ubicación en estantería | Depósito 2 |
| Donativo/Legado | Donativo José Prat |
| Número de control de estantería | L-31548 |
| 942 ## - ELEMENTOS DE ENTRADA SECUNDARIOS (KOHA) | |
| Fuente del sistema de clasificación o colocación | Clasificación decimal universal |
| Tipo de ítem Koha | Libro impreso |
| Suprimir en OPAC | No |
| Estatus retirado | Estado de pérdida | Estado de daño | No para préstamo | Biblioteca de origen | Biblioteca actual | Ubicación en estantería | Fecha de adquisición | Fuente de adquisición | Total de préstamos | Signatura topográfica completa | Código de barras | Visto por última vez | Precio de reemplazo | Tipo de ítem Koha |
|---|---|---|---|---|---|---|---|---|---|---|---|---|---|---|
| Biblioteca del Ateneo de Madrid | Biblioteca del Ateneo de Madrid | Depósito 2 | 05/05/2017 | L-31548 | 1197533 | 23/02/2023 | 23/02/2023 | Libro impreso |
